| 000 | 01167nam a2200313 i 4500 | ||
|---|---|---|---|
| 003 | EG-GICUC | ||
| 005 | 20260501125722.0 | ||
| 008 | 260501s1890 gw ||||fr|||| 001 0 d | ||
| 040 |
_aEG-GiCUC _bfre _cEG-GiCUC _dEG-GiCUC _erda |
||
| 041 | _afre | ||
| 082 | 0 | 4 |
_221 _a343.505 _bAC |
| 092 | 0 | 4 | _221 |
| 099 | _aLaw1 10 343.505 AC 1890 1011374 V2, C1 | ||
| 245 | 0 | 2 |
_aActes du Congrès pénitentiaire International de Saint-Pétersbourg, 1890 . _nVolume II , _pRapports Sur Les Questions Du Programme De Droit Penal. |
| 264 | 1 |
_aSaint-Pétersbourg : _bBureau de la Commission d'organisation du Congrès, _c1890. |
|
| 300 |
_a941 pages ; _c24 cm. _billustrations, |
||
| 336 |
_2rda content _atext |
||
| 337 |
_2rda media _aComputer |
||
| 338 |
_2rda carrier _aOnline Resource |
||
| 500 | _aIndex Pages : 939-941. | ||
| 504 | _aBibliography: pages 200-250. | ||
| 546 | _a Text in German | ||
| 650 | 1 | 4 | _ainternationales de droit pénal |
| 650 | 1 | 4 | _ainternationales de droit pénal |
| 651 | 1 | 4 |
_aSaint-Pétersbourg _xinternationales de droit pénal |
| 856 | 4 | 0 | _uhttps://fll.law.cu.edu.eg/fulltext/bks/B10-11374.pdf |
| 905 | _a164 | ||
| 942 |
_2ddc _cBK _e21 _n0 |
||
| 999 |
_c74622 _d74622 |
||